Východiská a prístupy k zabezpečeniu rastu zamestnanosti v kontexte Stratégie zamestnanosti

Identifikácia základných premených prebiehajúcich v oblasti zamestnanosti v kontexte procesu globalizácie a zhodnotenie trendov vývoja a situácie v tejto oblasti v podmienkach SR a v nadväznosti na predchádzajúce návrh možných prístupov potrebných pre rast zamestnanosti.

Salvato in:
Dettagli Bibliografici
Autore principale: Rievajová, Eva
Altri autori: Klimko, Roman, 1985-
Natura: Capitolo di libro
Lingua:slovacco
Soggetti:
Tags: Aggiungi Tag
Nessun Tag, puoi essere il primo ad aggiungerne!!

MARC

LEADER 00000nla a2200000 4500
001 0206145
005 20240502073430.2
041 0 |a slo 
044 |a SK 
245 1 0 |a Východiská a prístupy k zabezpečeniu rastu zamestnanosti v kontexte Stratégie zamestnanosti  |c Eva Rievajová, Roman Klimko 
520 |a Identifikácia základných premených prebiehajúcich v oblasti zamestnanosti v kontexte procesu globalizácie a zhodnotenie trendov vývoja a situácie v tejto oblasti v podmienkach SR a v nadväznosti na predchádzajúce návrh možných prístupov potrebných pre rast zamestnanosti. 
610 2 0 |a politika zamestnanosti 
610 2 0 |a trh práce 
610 2 0 |a globalizácia 
610 2 0 |a Slovensko 
610 2 0 |a rozvoj regionálny 
100 1 |a Rievajová, Eva 
700 1 |a Klimko, Roman, 1985-